| 000 | 00508cam a2200193ua 4500 | ||
|---|---|---|---|
| 001 | 9464 | ||
| 005 | 20260515114453.0 | ||
| 008 | 150922n ii |||gr||||Z||||||asm | ||
| 040 | _cMAIN | ||
| 041 | _aasm | ||
| 082 | _a920 | ||
| 100 |
_aDihingia, Putul Boruah, _eAuthor. |
||
| 245 | 1 |
_aAsomiya geetor surere mukuta botala pancharatna _cby Putul Boruah Dihingia |
|
| 250 | _a1st ed. | ||
| 260 |
_aDibrugarh: _bKaustubh, _c2010. |
||
| 300 | _a223p. | ||
| 653 | _aBiography, genealogy & insignia | ||
| 942 | _cBK | ||
| 999 |
_c8505 _d8505 |
||